00639nam a2200181 a 450000100060000000300080000600500170001400800410003103500190007204000320009104100130012308200250013624501050016126000530026630000340031965100520035365100520040545236BD-RjUL20211209054002.0160725s1949 dcub b f000 0 eng  a(BD-RjUL)45354 aDLCcDLCdDLCdBD-RjULbeng1 aenghger00223a327.43bDOC 194900aDocuments on German foreign policy, 1918-1945 : bfrom the archives of the German Foreign Ministry / aLondon :bHis Majestys Stationery Offiuce,c1949 acv, 1220 p. :bill. ;c24 cm. 0aGermanyxForeign relationsy1918-1933vSources. 0aGermanyxForeign relationsy1933-1945vSources.